• 首页
  • 本馆介绍
  • 公告通知
  • 最新文献
  • 馆藏检索
  • 电子资源
  • 读者导购
  • 参考咨询
  • 我的图书馆
  • 登录
  • 详细信息显示
  • 放入我的书架
  • 预约/预借图书
  • 作者相关作品
  • 分类相关作品
  • 丛书相关作品
  • 出版社相关作品

书目信息

  • 表格格式
  • 工作单格式
  • 卡片格式
题名:
图书用户行为研究
    
 
作者: 秦艳华 , 张洪忠 , 唐贾军 著
分册:  
出版信息: 北京   研究出版社  2019.02
页数: 332页
开本: 24cm
丛书名:
单 册:
中图分类: G252.0
科图分类:
主题词: 读者研究--du zhe yan jiu
电子资源:
ISBN: 978-7-5199-0571-2
000 01131nam0 2200265 450
001 0109110051
005 20201109110333.0
010    @a978-7-5199-0571-2@dCNY58.00
100    @a20190510e20202019em y0chiy0110 ea
101 0  @achi
102    @aCN@b110000
105    @ay z 000yy
106    @ar
200 1  @a图书用户行为研究@Atu shu yong hu xing wei yan jiu@f秦艳华, 张洪忠, 唐贾军著
210    @a北京@c研究出版社@d2019.02@h2020.07
215    @a332页@d24cm
300    @a本研究成果为国家新闻出版广电总局首批新闻出版业科技与标准重点实验室“新闻出版大数据用户行为跟踪与分析实验室”“出版发行行业数据应用实验室”阶段性研究成果
330    @a本书利用网络调查的形式,对图书用户行为进行了数据采集、整理和分析,得出了独到而富有更多商业性意义的结论,对于出版企业创新经营模式,提升核心竞争能力极具启发意义;而一般读者(图书用户)也能从中领悟自己的行为是如何影响了出版产业的发展。
606 0  @a读者研究@Adu zhe yan jiu
690    @aG252.0@v5
701  0 @a秦艳华@Aqin yan hua@4著
701  0 @a张洪忠@Azhang hong zhong@4著
701  0 @a唐贾军@Atang jia jun@4著
801  0 @aCN@bBJSZM@c20201103
905    @b1265656-60@dG252.0@e125@f5
    
    图书用户行为研究/秦艳华, 张洪忠, 唐贾军著.-北京:研究出版社,2019.02(2020.07)
    332页;24cm
    本研究成果为国家新闻出版广电总局首批新闻出版业科技与标准重点实验室“新闻出版大数据用户行为跟踪与分析实验室”“出版发行行业数据应用实验室”阶段性研究成果
    
    ISBN 978-7-5199-0571-2:CNY58.00
    本书利用网络调查的形式,对图书用户行为进行了数据采集、整理和分析,得出了独到而富有更多商业性意义的结论,对于出版企业创新经营模式,提升核心竞争能力极具启发意义;而一般读者(图书用户)也能从中领悟自己的行为是如何影响了出版产业的发展。
●
相关链接 在E读中查询图书 在五车中查询图书 在当当中查询图书 在豆瓣中查询图书


正题名:图书用户行为研究     索取号:G252.0/125         预约/预借

序号 登录号 条形码 馆藏地/架位号 状态 备注
1 1265656   212656561   第一样本阅览室/ [索取号:G252.0/125] 在馆    
2 1265657   212656570   教育系资料室/ [索取号:G252.0/125] 在馆    
3 1265658   212656589   教育系资料室/ [索取号:G252.0/125] 在馆    
4 1265659   212656598   第四借阅区/ [索取号:G252.0/125] 在馆    
5 1265660   212656605   第四借阅区/ [索取号:G252.0/125] 在馆    
唐山师范学院图书馆 欢迎您!
大连网信软件有限公司© 版权所有